|
|
|
|
| LEADER |
00847cam a2200169 7i4500 |
| 001 |
0000136181 |
| 005 |
20100218090000.0 |
| 002 |
0000001247 |
| 090 |
0 |
0 |
|a LP 10 FST 3 2002
|
| 100 |
0 |
# |
|a Hirman Mahdan
|
| 235 |
0 |
0 |
|a Menentukan kandungan logam Cd, Pb dan Cu dalam air Sungai Marang, Terengganu
|c Hirman Mahdan.
|
| 245 |
1 |
0 |
|a Laporan Projek FST(Bacelor Sains Pendidikan (Kepujian) - Kimia )2002.
|
| 260 |
# |
# |
|a Terengganu:
|b Kolej Universiti Sains dan Teknologi Malaysia (UPMT),
|c 2002.
|
| 300 |
|
|
|a xiii,70 p.:
|b ill.;
|c 30 cm..
|
| 502 |
# |
# |
|a Satu kajian berkenaan dengan kandungan logam Pb, Cd dan Cu dalam air sungai Marang, Terengganu telah dijalankan antara bulan julai hingga September 2001.Pensampelan telah dijalankan sebanyak lima kali dalam tempoh tiga bulan
|
| 602 |
# |
# |
|a Laporan Projek FST 2002
|
| 999 |
|
|
|a 1100024668
|b Book
|c LAPORAN PROJEK
|e BILIK ARKIB
|